| 000 | 00661nam a2200229 u 4500 | ||
|---|---|---|---|
| 005 | 20240924070613.0 | ||
| 008 | 181120s2003 r 000 0 eng d | ||
| 020 | _a9685054304 | ||
| 035 | _aUPN01000227968 | ||
| 049 | _aCG | ||
| 050 | 4 |
_aBD241 _bH4.77 |
|
| 245 | 0 | 0 |
_aHermenéutica analógica, símbolo y psicoanálisis / _ccomp. Luis Alvarez Colín. |
| 260 |
_aMéxico : _bDucere, _c2003. |
||
| 300 | _a267 p. | ||
| 440 | 0 |
_aHermenéutica, analogía e imagen ; _v7 |
|
| 650 | 4 |
_aHermenéutica _95799 |
|
| 650 | 4 |
_aANALOGIA _917691 |
|
| 650 | 4 |
_aPsicoanálisis _91572 |
|
| 700 | 1 |
_aAlvarez Colín, Luis, _ecomp. |
|
| 905 | _aLibro | ||
| 999 |
_c200063 _d200063 |
||